<The> Financial Review <The> Official Publication of the Eastern Finance Association and Midwest Finance Association
Uložené v:
| Médium: | Seriál |
|---|---|
| Jazyk: | English |
| Vydavateľské údaje: |
Baltimore
Eastern Finance Association
1990
|
| Predmet: | |
| Tagy: |
Žiadne tagy, Buďte prvý, kto otaguje tento záznam!
|
MARC
| LEADER | 00000nas2a2200000 4500 | ||
|---|---|---|---|
| 001 | s018596 | ||
| 005 | 20240109091424.6 | ||
| 022 | |a 0732-8516 | ||
| 041 | 0 | |a eng | |
| 044 | |a US | ||
| 245 | 1 | 0 | |a <The> Financial Review |b <The> Official Publication of the Eastern Finance Association and Midwest Finance Association |
| 264 | 1 | |a Baltimore |b Eastern Finance Association |c 1990 | |
| 300 | |a 1 zv. | ||
| 773 | 0 | |w eu_un_cat*s120446 | |
| 610 | 2 | 0 | |a financie |